000 00639nam a2200217 u 4500
001 000022079
005 20200930011555.0
008 100916s1998 ck a 000 0 spa d
020 _a9589196705
082 _a927.43
_bW132S
100 1 _aSalbucho, Adrian.
_945738
245 1 0 _aRichard Wagner :
_bel profeta de la edad de hierro /
_cAdrian Salbuchi.
260 _aBogotá :
_bSolar,
_c1998.
300 _a216 p. :
_bil. ;
_c20 cm.
490 1 _aSolar
500 _aIncluye biografĂ­a del autor en la contracubierta.
600 1 _aWAGNER, RICHARD,
_d1813-1883
_945739
830 0 _aSolar
_919241
049 _aBNGR
999 _c21577
_d21577
040 _aDO-SdBNP